| 000 | 00542nam a2200193Ia 4500 | ||
|---|---|---|---|
| 008 | 151121s9999||||xx |||||||||||||| ||und|| | ||
| 082 | _a323।44/PAN | ||
| 082 | _bHNW-18110 | ||
| 100 | _a"Panikkar K। M।, Pershad A।" | ||
| 245 | 4 | _aThe Voice Of Freedom | |
| 260 | _b"Asia Publishing House, Bombay।" | ||
| 260 | _c-- | ||
| 300 | _a563 | ||
| 600 | _a"Panikkar K। M।, Pershad A।" | ||
| 630 | _aThe Voice Of Freedom | ||
| 700 | _a"Panikkar K। M।, Pershad A।" | ||
| 730 | _aThe Voice Of Freedom | ||
| 942 | _cBOOK | ||
| 999 |
_c1220077 _d1220074 |
||